02559nam a2200325 a 450000100100000000500170001000800410002704000250006808200190009310000450011224501380015726000650029530000210036050000760038150507700045759000270122765000530125465000470130765000340135465100710138870000430145970000410150291000370154395201320158095201320171295201320184495201170197695201230209399900170221600001480620200929163914.0100122s2007 dr 001 0 spa d aDO-SdBNPbspacBNPHU a342.082bM491g1 aMedina Méndez, Rafael Belisario93354710aGuía migratoria :bvisas americanas /cRafael Belisario Medina ; prólogo Ramón Alburquerque ; edición Joselín A. Tavárez. aWashington, D.C. :bProvisa Internacional Law Center,c2007. a250 p. ;c22 cm. aIncluye datos biográficos del autor en la solapa de la contracubierta0 aPrólogo /rRamón Alburquerque --tIntroducción --tAutogestión migratoria: preparación de las solicitudes de visas de no-inmigrante --tOrientación técnica: pautas para llenar el formulario de solicitud de visa de no-inmigrante --tPreparación electrónica: versión digitalizada de la solicitud de visa de no-inmigrante [EVAF] --tOpinión consultiva: otra oportunidad cuando la solicitud de visa es rechazada --tImpedimento de entrada a los EE.UU: solicitud de un indulto o perdón migratorio --tDiferentes categorías de visas: otras opciones migratorias disponibles --tVisas de inmigrantes: peticiones de residencia permanente --tFormularios oficiales de solicitudes de visas: formatos de solicitudes y peticiones de visas americanas -- aInventariado, 2018/ YL 4aPolítica de migraciónzEstados Unidos933548 4aViajes internacionalesxReglamentos933549 4aRestricciones de viaje933550 4aEstados UnidosxEmigración E InmigraciónxLegislación9335511 aAlburquerque, Ramón,epról.9335521 aTavárez, Joselín A.,eed.933553 aValidado. Control de calidad EMS 001054708DSaGRbGRcHDd2010-01-22iLF1l0o342.082 M489gp14806-30r2020-06-25te. 3w2020-06-25yLFDSZPréstamo en sala 001054708DSaGRbGRcHDd2010-01-22iLF1l0o342.082 M489gp14806-40r2020-06-25te. 4w2020-06-25yLFDSZPréstamo en sala 001054708DSaGRbGRcHDd2010-01-29iLF1l0o342.082 M489gp14806-50r2020-06-25te. 5w2020-06-25yLFDSZPréstamo en sala 0010718PDaPDbPDcHDd2010-01-22iLF1l0o342.082 M489gp14806-10r2020-06-25w2020-06-25yLFPDZNo se presta 0010718PDaPDbPDcHDd2010-01-22iLF1l0o342.082 M489gp14806-20r2020-06-25te. 2w2020-06-25yLFPDZNo se presta c14387d14387